Statistiken für Berühmte Polen - Bildquiz

Klicken Sie hier um das Quiz zu spielen!

Allgemein

  • Dieses Quiz wurde 122 mal gespielt
  • Das Durchschnittsergebnis liegt bei 7 aus 15

Antwortstatistiken

Antwort% Korrekt
Marie Curie
94%
Robert Lewandowski
90%
Johannes Paul II.
82%
Lech Wałęsa
72%
Nicolas Copernic
72%
Frédéric Chopin
67%
Roman Polański
66%
Adam Małysz
56%
Rosa Luxemburg
43%
Agnieszka Radwańska
25%
Adam Mickiewicz
20%
Wisława Szymborska
18%
Krzysztof Kieślowski
12%
Izabella Scorupco
7%
Helena Rubinstein
6%

Verteilung der Resultate

Perzentil nach korrekt beantworteten Fragen

Anzahl Personen mit jedem Resultat

Ihre Resultats-Entwicklung

Sie haben dieses Quiz noch nicht gespielt